| Tag |
First Indicator |
Second Indicator |
Subfields |
| LEADER |
00000cam a2200000 i 4500 |
| 001 |
in00004437613 |
| 005 |
20211018102714.0 |
| 006 |
m o d |
| 007 |
cr ||||||||||| |
| 008 |
210513s2021 enka ob 001 0 eng |
| 010 |
|
|
|a 2021021601
|
| 020 |
|
|
|a 9781785523328
|q electronic book
|
| 020 |
|
|
|a 1785523325
|q electronic book
|
| 020 |
|
|
|z 9781785523311
|q hardcover
|
| 020 |
|
|
|z 9781538155356
|q paperback
|
| 024 |
8 |
|
|a 40030647991
|
| 035 |
|
|
|a (DLC)EBSCO2967033
|
| 040 |
|
|
|a NhCcYBP
|c NhCcYBP
|d UtOrBLW
|
| 042 |
|
|
|a pcc
|
| 043 |
|
|
|a e-sz---
|
| 050 |
|
4 |
|a JN8901
|b .S76 2021
|
| 082 |
0 |
0 |
|a 320.4494
|2 23
|
| 100 |
1 |
|
|a Stojanović, Nenad,
|d 1976-
|e author.
|0 http://id.loc.gov/authorities/names/no2014073744
|
| 245 |
1 |
0 |
|a Multilingual democracy :
|b Switzerland and beyond /
|c Nenad Stojanović.
|
| 264 |
|
1 |
|a London ;
|a New York :
|b ECPR Press/Rowman & Littlefield,
|c [2021]
|
| 300 |
|
|
|a 1 online resource.
|
| 336 |
|
|
|a text
|b txt
|2 rdacontent
|
| 337 |
|
|
|a computer
|b c
|2 rdamedia
|
| 338 |
|
|
|a online resource
|b cr
|2 rdacarrier
|
| 504 |
|
|
|a Includes bibliographical references and index.
|
| 505 |
0 |
|
|a Introduction: Democracy in a Multilingual Country -- The Idea of a Multilingual Nation -- Centripetal institutions: direct democracy and electoral systems -- Multinlingual democracies in comparison -- Conclusion: Switzerland, a Linguistic Consociation?
|
| 588 |
|
|
|a Description based on online resource; title from digital title page (viewed on July 29, 2021).
|
| 500 |
|
|
|a Electronic resource.
|
| 650 |
|
0 |
|a Direct democracy
|z Switzerland.
|
| 650 |
|
0 |
|a Direct democracy.
|0 http://id.loc.gov/authorities/subjects/sh2003003061
|
| 650 |
|
0 |
|a Intercultural communication
|z Switzerland.
|
| 650 |
|
0 |
|a Intercultural communication.
|0 http://id.loc.gov/authorities/subjects/sh85067222
|
| 650 |
|
0 |
|a Multilingualism
|z Switzerland.
|
| 650 |
|
0 |
|a Multilingualism.
|0 http://id.loc.gov/authorities/subjects/sh85088352
|
| 655 |
|
7 |
|a Electronic books.
|2 local
|
| 710 |
2 |
|
|a EBSCOhost.
|
| 776 |
1 |
8 |
|i Print version:
|a Stojanović, Nenad, 1976-
|t Multilingual democracy
|d Lanham : Rowman & Littlefield, 2021
|z 9781785523311
|w (DLC) 2021021600
|
| 856 |
4 |
0 |
|u http://proxy.library.tamu.edu/login?url=https://search.ebscohost.com/login.aspx?direct=true&scope=site&db=nlebk&db=nlabk&AN=2967033
|z Connect to the full text of this electronic book
|t 0
|
| 945 |
|
|
|b 973445
|
| 955 |
|
|
|a YBP purchased approval e-records
|
| 980 |
|
|
|b 280.00
|g 1
|
| 987 |
|
|
|a ybp302330672
|
| 999 |
f |
f |
|s f616cfbf-1200-3434-a154-567d85a5a635
|i c46e450f-6ff4-31a3-93a5-8a2dc4c6cb2e
|t 0
|
| 952 |
f |
f |
|a Texas A&M University
|b College Station
|c Electronic Resources
|d Available Online
|t 0
|e JN8901 .S76 2021
|h Library of Congress classification
|
| 998 |
f |
f |
|a JN8901 .S76 2021
|t 0
|l Available Online
|